banner koha

Emprego de medula de bagaco de cana e milhocina na alimentacao de vacas leiteiras e producao [racao balanceada, cana de acucar, milho, Pernambuco, Brasil] (Registro n. 113922)

MARC details
000 -LÍDER
campo de controle de tamanho fixo 01177nas a2200337 4500
001 - NÚMERO DE CONTROLE
campo de controle BR8400917
003 - IDENTIFICADOR DO NÚMERO DE CONTROLE
campo de controle BR-BrBNA
005 - DATA E HORÁRIO DA ÚLTIMA TRANSAÇÃO
campo de controle 20231205085812.0
007 - CAMPO FIXO DE DESCRIÇÃO FÍSICA--INFORMAÇÃO GERAL
campo de controle de tamanho fixo ta
008 - CAMPO DE DADOS FIXOS--INFORMAÇÃO GERAL
campo de controle de tamanho fixo 230509b bl.|||p| |||| 00| 00por d
040 ## - FONTE DA CATALOGAÇÃO
Instituição da catalogação original BR-BrBNA
Idioma da catalogação por
Instituição que transcreveu o registro Biblioteca Nacional de Agricultura
041 ## - CÓDIGO DE IDIOMA
Código do idioma do texto/trilha sonora ou título diferente (Pt)
072 ## - CÓDIGO DE CATEGORIA DE ASSUNTO
Código de Categoria de Assunto L30
100 1# - ENTRADA PRINCIPAL--NOME PESSOAL
Nome pessoal Lima, M. de A.
100 1# - ENTRADA PRINCIPAL--NOME PESSOAL
Nome pessoal Viana, S.P.
100 1# - ENTRADA PRINCIPAL--NOME PESSOAL
Nome pessoal Faria, I.
100 1# - ENTRADA PRINCIPAL--NOME PESSOAL
Nome pessoal Paz, L.G. da
100 1# - ENTRADA PRINCIPAL--NOME PESSOAL
Nome pessoal Marin, E. de S.
100 1# - ENTRADA PRINCIPAL--NOME PESSOAL
Nome pessoal Andrade, J.C.
100 1# - ENTRADA PRINCIPAL--NOME PESSOAL
Nome pessoal Reis, O.V. dos
245 1# - TÍTULO
Título Emprego de medula de bagaco de cana e milhocina na alimentacao de vacas leiteiras e producao [racao balanceada, cana de acucar, milho, Pernambuco, Brasil]
246 1# - FORMA VARIANTE DO TÍTULO
Título/título abreviado The use of bagass-pith and mazoferm in feeding dairy cows and in yield [balanced feed, sugarcane, maize, Pernambuco, Brazil]
650 ## - ASSUNTO--TERMO TÓPICO
Cabeçalho tópico ou nome geográfico RACAO BALANCEADA
650 ## - ASSUNTO--TERMO TÓPICO
Cabeçalho tópico ou nome geográfico VACA LEITEIRA
650 ## - ASSUNTO--TERMO TÓPICO
Cabeçalho tópico ou nome geográfico BAGACO
650 ## - ASSUNTO--TERMO TÓPICO
Cabeçalho tópico ou nome geográfico CANA DE ACUCAR
650 ## - ASSUNTO--TERMO TÓPICO
Cabeçalho tópico ou nome geográfico EXIGENCIA NUTRICIONAL
773 0# - ENTRADA ANALÍTICA
Título Revista da Sociedade Brasileira de Zootecnia (Brazil)
ISSN - International Standard Serial Number ISSN 0100-4859
Partes relacionadas (1983), v. 12(2) p. 187-199
Número de controle do registro BR8400917
909 ## -
-- 202311
-- Lúcia
-- 55
-- Lúcia Elande
942 ## - ELEMENTOS DE ENTRADA ADICIONADOS (KOHA)
Fonte da classificação ou esquema de arquivamento na estante Classificação AGRIS
Ocultar no OPAC Não
Tipo de material Koha Analítica
Exemplares
Situação do descarte Fonte da classificação ou esquema de arquivamento na estante Situação física Não pode ser emprestado Biblioteca de origem Biblioteca atual Localização na estante Enumeração do periódico / cronologia Total de empréstimos Data de último acesso Número do exemplar Tipo de material Koha Fonte de aquisição
  Classificação AGRIS   Consulta local Biblioteca Nacional de Agricultura - Binagri Biblioteca Nacional de Agricultura - Binagri   (1983), v. 12(2) p. 187-199   29/11/2023 01 Periódicos Portaria Interministerial nº 164/94

BINAGRI

Telefone: (61)3218-2567/2388/3357/2097 - binagri@agro.gov.br

Ministério da Agricultura e Pecuária , Esplanada dos Ministérios, Bloco D, Anexo B, Brasília/DF, CEP: 70.043-900